00488nam a2200157Ia 4500003000900000008004100009040001600050080001500066110005500081245007600136260006600212300001400278650001400292650001200306650001200318IN-BaIIA211028s9999 xx 000 0 eng d cIIA Library a5(06)bIND aIndian association for the cultivation of science. 2aA centurycIndian association for the cultivation of science.  aCalcuttabIndian Association for the Cultivation of ScienceĀ  axv, 253p. achemistry ahistory aphysics